<?xml version="1.0" encoding="UTF-8"?>
<record
    xmlns:xsi="http://www.w3.org/2001/XMLSchema-instance"
    xsi:schemaLocation="http://www.loc.gov/MARC21/slim http://www.loc.gov/standards/marcxml/schema/MARC21slim.xsd"
    xmlns="http://www.loc.gov/MARC21/slim">

  <leader>00565    a2200181   4500</leader>
  <controlfield tag="003">OSt</controlfield>
  <controlfield tag="005">20240129125358.0</controlfield>
  <controlfield tag="008">240129b        |||||||| |||| 00| 0 eng d</controlfield>
  <datafield tag="020" ind1=" " ind2=" ">
    <subfield code="a">9960892913</subfield>
  </datafield>
  <datafield tag="040" ind1=" " ind2=" ">
    <subfield code="c">oclc</subfield>
  </datafield>
  <datafield tag="082" ind1=" " ind2=" ">
    <subfield code="a">214.61</subfield>
    <subfield code="b">ALJ/H</subfield>
  </datafield>
  <datafield tag="100" ind1=" " ind2=" ">
    <subfield code="a">Al-Jauziyah, Ibn Qayyim</subfield>
    <subfield code="9">10329</subfield>
  </datafield>
  <datafield tag="245" ind1=" " ind2=" ">
    <subfield code="a">Healing with the Medicine of the Prophet /</subfield>
    <subfield code="c">Imam Ibn Qayyim Al-Jauziyah and Jalal Abual Rub</subfield>
  </datafield>
  <datafield tag="250" ind1=" " ind2=" ">
    <subfield code="a">2nd ed.</subfield>
  </datafield>
  <datafield tag="260" ind1=" " ind2=" ">
    <subfield code="a">Riyadh:</subfield>
    <subfield code="b">Maktaba Darussalam,</subfield>
    <subfield code="c">2003.</subfield>
  </datafield>
  <datafield tag="300" ind1=" " ind2=" ">
    <subfield code="a">359p.</subfield>
  </datafield>
  <datafield tag="942" ind1=" " ind2=" ">
    <subfield code="2">ddc</subfield>
    <subfield code="c">BK</subfield>
    <subfield code="h">214.61</subfield>
    <subfield code="i">ALJ/H</subfield>
    <subfield code="k">214.61</subfield>
    <subfield code="m">ALJ/H</subfield>
  </datafield>
  <datafield tag="952" ind1=" " ind2=" ">
    <subfield code="0">0</subfield>
    <subfield code="1">0</subfield>
    <subfield code="2">ddc</subfield>
    <subfield code="4">0</subfield>
    <subfield code="7">0</subfield>
    <subfield code="8">ISLAM</subfield>
    <subfield code="a">MES</subfield>
    <subfield code="b">MES</subfield>
    <subfield code="c">ISL</subfield>
    <subfield code="d">2024-01-29</subfield>
    <subfield code="l">1</subfield>
    <subfield code="o">214.61 ALJ/H</subfield>
    <subfield code="p">45009</subfield>
    <subfield code="r">2026-03-25 15:13:50</subfield>
    <subfield code="s">2026-03-25</subfield>
    <subfield code="v">650.00</subfield>
    <subfield code="w">2024-01-29</subfield>
    <subfield code="y">BK</subfield>
    <subfield code="z">GL48R2</subfield>
  </datafield>
  <datafield tag="999" ind1=" " ind2=" ">
    <subfield code="c">43347</subfield>
    <subfield code="d">43347</subfield>
  </datafield>
</record>
